| 000 | 01041nam a22002417a 4500 | ||
|---|---|---|---|
| 999 |
_c6928 _d6928 |
||
| 003 | AR-CdUCM | ||
| 008 | 190319b ||||| |||| 00| 0 spa d | ||
| 040 |
_aMUNICIPALIDAD PROVINCIAL DEL CUSCO _cBIBLIOTECA MUNICIPAL DEL CUSCO |
||
| 082 |
_a628.53 / _bR84 |
||
| 100 |
_aRoss, R. D. _919523 |
||
| 245 | _aLa industria y la contaminación del aire / | ||
| 260 |
_aMéxico, D. F. : _b Diana, _c1975. |
||
| 300 |
_a539 páginas ; _bIlustraciones, _c23 cm. |
||
| 500 | _aTítulo original: Air pollution and industry | ||
| 505 | _aQue es la contaminación del aire -- Fuentes de contaminación del aire -- Efectos de la contaminación del aire en el ambiente -- Las implicaciones socio económicas -- Tendencias legislativas y reglamentaria relativas al control y a ala prevención de la contaminación del aire ... | ||
| 650 |
_aContaminación _98804 |
||
| 650 |
_aAire _915839 |
||
| 650 |
_aEcología humana _914285 |
||
| 700 |
_aFlower, Franklin B. _919524 |
||
| 700 |
_aGrundy, Ricahard D. _919525 |
||
| 942 |
_2ddc _cLIBROS |
||
| 945 | _aacv | ||